00318nam a2200121Ia 4500008004100000041000800041082001700049100001900066245003500085260003700120300003200157365000700189240624s9999 xx 000 0 und d aeng a658.4092 ALL aALLIO ROBERT J aLEADERSHIP MYTHS AND REALITIES c2003aNew DelhibTata McGrawhill axvii, : 237 : p. : cm. ; 23 cRS